000 00509nam a2200217Ia 4500
003 OSt
005 20221005122118.0
006 a|||||r|||| 00| 0
007 ta
008 221004b |||||||| |||| 00| 0 eng d
024 _a118233
037 _cTextual
040 _aCRL
_cCRL
_beng
041 _2eng
_aeng
100 _aWillard H H
_9631503
245 0 _aInstrumental method of analysis
260 _c1971
650 _aCHEMISTRY
942 _cTEXL
_2cc
999 _c1043289
_d1043289